000 00755nam a2200181Ia 4500
008 100921s9999 xx 000 0 und d
082 _b23772
_a550 0
100 _aवाटवे मिलिंद,परांजपे विवेक.संपा.
245 _aआपली सृष्टी आपले धन-3.
260 _bनिसर्ग प्रकाशन,पुणे.
_c0
300 _a206
_b---
365 _b425
520 _aविज्ञान-भौमिक शास्त्रे.
630 _aआपली सृष्टी आपले धन-3.
650 _aविज्ञान-भौमिक शास्त्रे.
730 _aआपली सृष्टी आपले धन-3.
942 _cBOOK
999 _c772885
_d772882